| 000 | 00483nam a2200205Ia 4500 | ||
|---|---|---|---|
| 003 | OSt | ||
| 005 | 20230619151848.0 | ||
| 008 | 210423s1991 xx 000 0 und d | ||
| 040 | _cAL | ||
| 041 | _aeng | ||
| 082 |
_a370 _223 _bSINI |
||
| 100 |
_aMALHOTRA (S K),Ed _9113380 |
||
| 245 | _aIndian educational review | ||
| 260 |
_bNCERT _c1991 |
||
| 365 | _cINR | ||
| 440 | _v16, 1 | ||
| 650 |
_aEducation _9113381 |
||
| 906 | _aeducational ; Indian ; review | ||
| 942 |
_2ddc _cBK |
||
| 999 |
_c173117 _d173117 |
||